[Event "AUTO-INT-485"]
[Site "http://www.queenalice.com/game.php?id=222015"]
[Date "2007.6.7"]
[Round "1"]
[White "tefo_2007"]
[Black "lovipetol"]
[Result "1-0"]
[WhiteElo "1674"]
[BlackElo "1408"]

1. e4 e5 2. Nf3 Nc6 3. d3 Nf6 4. Be2 Be7 5. O-O O-O 6. Nc3 a6 7. Be3 h6 8. Qd2
Bb4 9. Bxh6 gxh6 10. Qxh6 Bxc3 11. bxc3 d6 12. Ng5 Nd7 13. Qh7# 1-0

[Event "Challenge"]
[Site "http://www.queenalice.com/game.php?id=243134"]
[Date "2007.7.21"]
[Round "-"]
[White "lovipetol"]
[Black "nandocassapava"]
[Result "0-1"]
[WhiteElo "1482"]
[BlackElo "1577"]

1. e4 e5 2. Nf3 Nc6 3. Bb5 d6 4. O-O Bd7 5. Nc3 Nf6 6. d3 Be7 7. h3 O-O 8. a3 a6
9. Bxc6 Bxc6 10. Re1 d5 11. Nxe5 Be8 12. Bg5 h6 13. Bf4 Nh5 14. Be3 f6 15. Nf3
dxe4 16. Nxe4 f5 17. Nc3 Bc6 18. Ne5 Qe8 19. Nxc6 Qxc6 20. Qxh5 Rf6 21. Bd4 Rf7
22. Re2 Bf6 23. Bxf6 Rxf6 24. Rae1 Rg6 25. Qxf5 Qxg2# 0-1

[Event "UE VS Mercosur"]
[Site "http://www.queenalice.com/game.php?id=245131"]
[Date "2007.7.24"]
[Round "-"]
[White "lovipetol"]
[Black "pollo"]
[Result "0-1"]
[WhiteElo "1479"]
[BlackElo "1489"]

1. e4 d5 2. exd5 Qxd5 3. Nc3 Qe5+ 4. Be2 f5 5. Nf3 Qd6 6. O-O Qg6 7. Ne5 Qf6 8.
d4 Nc6 9. Nd5 Qd6 10. c4 Nxe5 11. dxe5 Qxe5 12. Re1 g6 13. Bd3 Qd6 14. Qc2 e6
15. Bf4 Qc5 16. Nxc7+ Kf7 17. Nxa8 Qd4 18. Be3 Qe5 19. Bxa7 Qf4 20. Be3 Qe5 21.
Bh6 Qb8 22. Qa4 Bxh6 23. Re2 Nf6 24. Rae1 Rd8 25. Bc2 Ng4 26. Nb6 Qxh2+ 27. Kf1
Qh1# 0-1

[Event "AUTO-INT-560"]
[Site "http://www.queenalice.com/game.php?id=250538"]
[Date "2007.8.4"]
[Round "1"]
[White "lovipetol"]
[Black "lucasboth"]
[Result "0-1"]
[WhiteElo "1468"]
[BlackElo "1847"]

1. e4 c5 2. Bc4 Nf6 3. Nc3 e6 4. Nf3 Nc6 5. O-O d5 6. exd5 exd5 7. Nxd5 Nxd5 8.
Re1+ Be6 9. Bb5 Be7 10. d3 O-O 11. a3 Qd6 12. h3 Rad8 13. c3 Nc7 14. Bxc6 Qxc6
15. Ne5 Qa6 16. d4 cxd4 17. cxd4 Nb5 18. Be3 Bf6 19. a4 Bxe5 20. axb5 Qxb5 21.
Rxa7 Bb8 22. Ra8 Bh2+ 23. Kxh2 Rxa8 24. Qd2 Ra2 25. Rb1 Bf5 26. Qc3 Bxb1 27. Bc1
Re8 28. f3 Qd7 29. g4 Rc8 30. Qd2 Rc2 31. Qxc2 Bxc2 32. Kg3 Qxd4 33. Kh4 Qf2+
34. Kg5 Ra5+ 35. Kf4 g5# 0-1

[Event "AUTO-INT-560"]
[Site "http://www.queenalice.com/game.php?id=250539"]
[Date "2007.8.4"]
[Round "1"]
[White "lucasboth"]
[Black "lovipetol"]
[Result "1-0"]
[WhiteElo "1811"]
[BlackElo "1470"]

1. c4 c5 2. Nf3 Nf6 3. Nc3 Nc6 4. g3 e5 5. d3 a6 6. Bd2 h6 7. Bg2 d5 8. cxd5
Nxd5 9. Nxe5 Be6 10. Nxc6 bxc6 11. O-O Qd7 12. Qc2 Be7 13. Na4 Nb4 14. Bxb4 cxb4
15. Bxc6 Qxc6 16. Qxc6+ Bd7 17. Qxa8+ Bd8 18. Nc5 Bb5 19. Nb7 O-O 20. Nxd8 Kh7
21. Qd5 f6 22. Rac1 Rxd8 23. Qxd8 Kg6 24. Qe7 a5 25. Rc7 Kf5 26. Qe4+ Kg5 27.
Rxg7+ Kh5 28. Qg4# 1-0

[Event "AUTO-INT-560"]
[Site "http://www.queenalice.com/game.php?id=250540"]
[Date "2007.8.4"]
[Round "1"]
[White "lovipetol"]
[Black "maddevil"]
[Result "0-1"]
[WhiteElo "1457"]
[BlackElo "1651"]

1. e4 e5 2. Nf3 d6 3. Nc3 Nf6 4. Bb5+ c6 5. Bc4 h6 6. O-O a6 7. h3 g6 8. d3 Bg7
9. Be3 b5 10. Bb3 Bd7 11. d4 O-O 12. dxe5 dxe5 13. Nxe5 Qc8 14. Nxd7 Nbxd7 15.
Re1 a5 16. a4 b4 17. Na2 Nxe4 18. Rc1 Bxb2 19. Rb1 Bc3 20. Nxc3 Nxc3 21. Qd2
Nxb1 22. Rxb1 h5 23. Rd1 Nf6 24. Bc5 Re8 25. Bd4 Rd8 26. Qe2 Nh7 27. Qf3 Qc7 28.
Re1 Rxd4 29. g3 Rad8 30. Qe2 Qd7 31. Kg2 Rd2 32. Qf3 Ng5 33. Qf6 Qxh3+ 34. Kg1
Rd1 35. Bxf7+ Nxf7 36. Qxg6+ Kf8 37. Qxc6 Rxe1# 0-1

[Event "AUTO-INT-560"]
[Site "http://www.queenalice.com/game.php?id=250541"]
[Date "2007.8.4"]
[Round "1"]
[White "maddevil"]
[Black "lovipetol"]
[Result "1-0"]
[WhiteElo "1638"]
[BlackElo "1466"]

1. d4 d5 2. Bf4 Nc6 3. Nc3 Nf6 4. Nb5 Kd7 5. Nf3 h6 6. Qd3 Nb4 7. Qb3 a5 8. Ne5+
Ke8 9. g3 Nd7 10. Nxd7 Kxd7 11. a3 Nc6 12. Qxd5+ Ke8 13. Nxc7+ Qxc7 14. Bxc7 e6
15. Qb5 Bd7 16. Qxb7 Ra7 17. Qb6 f6 18. Bg2 Be7 19. Bxc6 Bxc6 20. Qxa7 a4 21.
Qb8+ Kf7 22. Qxh8 Bxh1 23. O-O-O f5 24. Rxh1 Bf6 25. Be5 Kg6 26. Bxf6 gxf6 27.
h4 e5 28. dxe5 fxe5 29. Qxe5 h5 30. f4 Kh6 31. Rd1 Kg6 32. Rd6+ Kh7 33. Qe7+ Kg8
34. Rd8# 1-0

[Event "AUTO-INT-560"]
[Site "http://www.queenalice.com/game.php?id=250542"]
[Date "2007.8.4"]
[Round "1"]
[White "lovipetol"]
[Black "plano99"]
[Result "1-0"]
[WhiteElo "1397"]
[BlackElo "1667"]

1. e4 Nc6 2. d4 e6 3. Nf3 d5 4. e5 Nge7 5. Nc3 Ng6 6. Bg5 f6 7. Be3 fxe5 8. Bb5
Bd7 9. dxe5 Ngxe5 10. Nxe5 Nxe5 11. Qd4 Nc6 12. Bxc6 Bxc6 13. O-O Qe7 14. Rfe1
Qh4 15. Qxh4 Be7 16. Bg5 Bxg5 17. Qxg5 g6 18. Rxe6+ Kf8 19. Qh6+ Kf7 20. Rae1
Rae8 21. Qf4+ Kg7 22. Qf6+ Kg8 23. Rxe8+ Bxe8 24. Rxe8# 1-0

[Event "AUTO-INT-560"]
[Site "http://www.queenalice.com/game.php?id=250543"]
[Date "2007.8.4"]
[Round "1"]
[White "plano99"]
[Black "lovipetol"]
[Result "1-0"]
[WhiteElo "1463"]
[BlackElo "1424"]

1. Nc3 e5 2. e4 Nc6 3. Nf3 a6 4. Bc4 Nf6 5. Ng5 Be7 6. d3 O-O 7. Nxf7 Rxf7 8.
Bxf7+ Kxf7 9. Bg5 h6 10. Bxf6 Bxf6 11. O-O d6 12. Nd5 Be6 13. Qf3 Nd4 14. Qd1 c6
15. Nxf6 Qxf6 16. b3 g6 17. c3 Nb5 18. Qc1 d5 19. c4 Nd4 20. cxd5 cxd5 21. exd5
Ne2+ 22. Kh1 Nxc1 23. Raxc1 Bf5 24. Rc7+ Kf8 25. Rxb7 1-0

[Event "Bart x Lovipetol"]
[Site "http://www.queenalice.com/game.php?id=251092"]
[Date "2007.8.4"]
[Round "-"]
[White "bartataca"]
[Black "lovipetol"]
[Result "1-0"]
[WhiteElo "1664"]
[BlackElo "1405"]

1. e4 e5 2. Bc4 Nf6 3. d3 Nc6 4. Nf3 h6 5. a3 Bc5 6. h3 O-O 7. O-O a6 8. Nc3 d6
9. Nh4 g5 10. Nf5 Bxf5 11. exf5 Qd7 12. g4 Rfe8 13. Nd5 Nxd5 14. Qf3 Nf4 15. c3
b5 16. Bb3 Kg7 17. Kh2 Re7 18. Bd1 d5 19. b4 Bb6 20. Be3 Nxd3 21. Bxb6 e4 22.
Qe3 cxb6 23. Qxb6 Nb2 24. Be2 Na4 25. Qe3 Rc8 26. Rac1 Rd8 27. Rfd1 Nb6 28. Qxb6
Nb8 29. c4 d4 30. f6+ Kf8 31. fxe7+ Qxe7 32. Kg1 d3 33. Qxh6+ Kg8 34. Qb6 d2 35.
Rc2 e3 36. f3 f6 37. Kh2 Qe5+ 38. Kg2 Qe7 39. Rc3 Qe5 40. Qxe3 Qxe3 41. Rxe3 Nc6
42. cxb5 axb5 43. Bxb5 Na7 44. Bd3 Kf8 45. Rxd2 Nc6 46. Ree2 Nd4 47. Bf5 Nxe2
48. Rxd8+ Ke7 49. Rc8 Nf4+ 50. Kg3 Ne2+ 51. Kh2 Nd4 52. Rc7+ Kd6 53. Rd7+ Kc6
54. Rxd4 Kb6 55. Kg3 Kb5 56. h4 gxh4+ 57. Kxh4 Ka4 58. Rd3 Kb5 59. Bd7+ Kb6 60.
a4 Kb7 61. a5 Ka6 62. Rd5 Kb7 63. g5 fxg5+ 64. Kxg5 Kc7 65. f4 Kd8 66. a6 1-0

[Event "Challenge"]
[Site "http://www.queenalice.com/game.php?id=266328"]
[Date "2007.9.3"]
[Round "-"]
[White "lovipetol"]
[Black "Hugo62"]
[Result "0-1"]
[WhiteElo "1425"]
[BlackElo "1328"]

1. e4 e5 2. Nf3 Nc6 3. Bb5 Nd4 4. Nxd4 exd4 5. O-O Qe7 6. Re1 c6 7. Bc4 b5 8.
Bb3 Nf6 9. d3 d6 10. Bg5 h6 11. Bxf6 Qxf6 12. Nd2 a6 13. a4 b4 14. Nc4 a5 15. h3
Ra6 16. Re2 c5 17. e5 Qg5 18. exd6+ Kd8 19. Ne5 Ke8 20. Nf3+ Kd7 21. Nxg5 hxg5
22. Bxf7 Rxd6 23. Qe1 Rf6 24. Be6+ Ke8 25. Bxc8+ Kd8 26. Re8+ Kc7 27. Qe5+ Rd6
28. Qxc5+ Rc6 29. Qxa5+ Rb6 30. Qxg5 Rb8 31. Qf5 b3 32. Qc5+ Bxc5 33. cxb3 Rxe8
34. Rc1 Re5 35. f4 Rh5 36. Kh2 Rxc8 37. b4 Kb6 38. bxc5+ Ka5 39. c6 Kb6 40. Rc4
Rd5 41. b4 g6 42. h4 Rh8 43. g3 Rc8 44. a5+ Kb5 45. Kh3 Rxc6 46. Rxc6 Kxc6 47.
a6 Rd7 48. Kg4 Kb6 49. Kg5 Rd6 50. h5 gxh5 51. Kxh5 Kxa6 0-1

[Event "RichardN"]
[Site "http://www.queenalice.com/game.php?id=267203"]
[Date "2007.9.5"]
[Round "2"]
[White "RichardN"]
[Black "lovipetol"]
[Result "1-0"]
[WhiteElo "1437"]
[BlackElo "1412"]

1. e4 e5 2. Nf3 Nc6 3. Bc4 f6 4. O-O Bc5 5. d3 d6 6. Be3 Bxe3 7. fxe3 Bd7 8. c3
Bg4 9. h3 Bh5 10. d4 exd4 11. exd4 Qd7 12. Bb5 O-O-O 13. d5 Nge7 14. Na3 a6 15.
Bxc6 Nxc6 16. b4 Rhe8 17. Re1 Bg6 18. Nh4 Bxe4 19. dxc6 bxc6 20. Nc4 d5 21. Nd2
g5 22. Nhf3 Qf5 23. a4 Qe5 24. Nxe5 Rxe5 25. Qg4+ Bf5 26. Qf3 Rde8 27. Rxe5 Rxe5
28. Rf1 Be4 29. Qxf6 Bd3 30. Qf8+ Kb7 31. Rf3 Re1+ 32. Nf1 h5 33. Rxd3 Ra1 34.
a5 Ka7 35. Qc5+ Kb7 36. Rd4 Rc1 37. Qe7 Rxc3 38. Qxg5 Rc1 39. Qxc1 Ka7 40. Qxc6
1-0

[Event "Let's Play Chess!"]
[Site "http://www.queenalice.com/game.php?id=268796"]
[Date "2007.9.8"]
[Round "-"]
[White "kiko_rs"]
[Black "lovipetol"]
[Result "0-1"]
[WhiteElo "1330"]
[BlackElo "1399"]

1. d4 d5 2. c4 dxc4 3. e4 e6 4. Nf3 b5 5. Nc3 a6 6. d5 Ne7 7. Be2 c6 8. d6 Ng6
9. e5 Nd7 10. Ne4 Ndxe5 11. Nfg5 f5 12. Nf7 Nxf7 13. Bh5 fxe4 14. Bxg6 hxg6 15.
Bf4 Nxd6 16. O-O g5 17. Bg3 Be7 18. Be5 O-O 19. Qd4 Qc7 0-1

[Event "Challenge"]
[Site "http://www.queenalice.com/game.php?id=275828"]
[Date "2007.9.23"]
[Round "-"]
[White "lesangesleader"]
[Black "lovipetol"]
[Result "1-0"]
[WhiteElo "1650"]
[BlackElo "1432"]

1. Nf3 e6 2. d4 d6 3. e4 Bd7 4. Nc3 Be7 5. Bd3 a6 6. Bd2 Nf6 7. O-O Nc6 8. h3
O-O 9. Bg5 h6 10. Bh4 g5 11. Bg3 Re8 12. e5 dxe5 13. dxe5 Nh5 14. Bh2 f5 15. Nd2
b6 16. Qxh5 Kh7 17. Qd1 Kg7 18. f4 Bc5+ 19. Kh1 Nd4 20. Nf3 Nxf3 21. gxf3 Bc6
22. Be2 Qxd1 23. Raxd1 Rad8 24. a3 Rxd1 25. Rxd1 Be3 26. fxg5 Bxg5 27. Kg1 Be3+
28. Kf1 Kh7 29. f4 Rg8 30. Rd3 Bc5 31. Rg3 Rxg3 32. Bxg3 Bd4 33. Bxa6 Bxc3 34.
bxc3 b5 35. Bc8 Bd5 36. Kf2 c6 37. Ke3 Kg6 38. Kd4 Kf7 39. Ke3 Ba2 40. h4 Bb1
41. Bd7 Bxc2 42. Bxc6 Ba4 43. Kd4 h5 44. Kc5 Ke7 45. Bxb5 Bxb5 46. c4 Ba4 47.
Kb6 Kd7 48. c5 1-0

[Event "KOQA CUP "]
[Site "http://www.queenalice.com/game.php?id=278848"]
[Date "2007.9.29"]
[Round "1"]
[White "lovipetol"]
[Black "conqueror"]
[Result "0-1"]
[WhiteElo "1449"]
[BlackElo "1659"]

1. e4 d5 2. exd5 Qxd5 3. Nc3 Qd6 4. Nf3 Nf6 5. Bc4 Bg4 6. O-O e6 7. h3 Bf5 8.
Re1 Be7 9. Nb5 Qc5 10. d3 O-O 11. b3 Nbd7 12. d4 Qb6 13. Bf4 c6 14. Nc3 Bb4 15.
Bd2 Rad8 16. Na4 Qa5 17. Bxb4 Qxb4 18. Re2 b5 19. Qd2 Qxd2 0-1

[Event "Challenge"]
[Site "http://www.queenalice.com/game.php?id=291817"]
[Date "2007.10.23"]
[Round "-"]
[White "Tiagoviegas"]
[Black "lovipetol"]
[Result "1-0"]
[WhiteElo "1624"]
[BlackElo "1441"]

1. e4 e5 2. Qh5 Nc6 3. Bc4 g6 4. Qf3 Nf6 5. d3 Nd4 6. Qd1 d6 7. c3 Nc6 8. Bb5
Bd7 9. Bg5 Be7 10. Nf3 O-O 11. Bxc6 Bxc6 12. Bh6 Re8 13. O-O d5 14. exd5 Bxd5
15. Nxe5 Bd6 16. Ng4 1-0